000 00535nam a22001697a 4500
999 _c8985
_d8985
008 210309b ||||| |||| 00| 0 eng d
040 _aBMS College of Architecture
100 _aBhat, B, Ashwini
245 _aSamvedanaa: Visitors portal at Bangalore
300 _a48p.
500 _a1BM09AT011
502 _8B.Arch
_NBMS College of Architecture, Visvesvaraya Technological University (VTU)
_aProject report
_d2013
650 _aBangalore
700 _aAjaichandran C K
_eGuide
700 _aBhagyalaxmi M
_eGuide
942 _2ddc
_cTHE